Drei Fragezeichen - Ergänze den Titel (101-200) - Statistiken

Allgemein
  • Dieses Quiz wurde 382 mal gespielt
  • Das Durchschnittsergebnis liegt bei 63 aus 100
Antwortstatistiken
Nr. Folgentitel % Korrekt
103 Das Erbe des {Meister}diebs
90%
121 Spur ins {Nichts}
89%
110 Panik im {Park}
87%
101 und das Hexen{handy}
87%
104 {Gift} per E-Mail
86%
149 der namenlose {Gegner}
84%
106 Der Mann ohne {Kopf}
83%
120 Der {schwarze} Skorpion
79%
188 Signale aus dem {Jenseits}
79%
134 Der {tote} Mönch
78%
172 und der Eisen{mann}
78%
116 Codename: {Cobra}
77%
108 Die sieben {Tore}
77%
113 Das Auge des {Drachen}
76%
196 Geheimnis des {Bauch}redners
76%
132 {Spuk} im Netz
75%
154 Botschaft aus der {Unterwelt}
74%
164 Fußball-{Teufel}
74%
192 Im {Bann} des Drachen
74%
105 und der {Nebel}berg
74%
102 Doppelte {Täuschung}
72%
160 {Geheimnis}volle Botschaften
72%
186 {Insel} des Vergessens
72%
175 {Schatten}welt
72%
185 und der Mann ohne {Augen}
71%
136 und das {versunkene} Dorf
70%
128 Schatten über {Hollywood}
69%
166 und die brennende {Stadt}
69%
146 Der {Biss} der Bestie
68%
177 Der Geist des Gold{gräbers}
67%
187 und das silberne {Amulett}
67%
155 und der Meister des {Todes}
67%
194 und die Zeit{reisende}
67%
125 Feuer{mond}
66%
197 Im Auge des {Sturms}
66%
112 Schlucht der {Dämonen}
66%
167 und das blaue {Biest}
66%
158 und der Feuer{geist}
66%
181 Das Kabinett des {Zauberers}
65%
142 Tödliches {Eis}
65%
117 Der finstere {Rivale}
64%
147 {Grusel} auf Campbell Castle
64%
129 {SMS} aus dem Grab
64%
162 und der {schreiende} Nebel
64%
143 und die {Poker}-Hölle
64%
131 Haus des {Schreckens}
63%
126 Schrecken aus dem {Moor}
63%
140 Stadt der {Vampire}
63%
115 Auf {tödlichem} Kurs
62%
130 Der {Fluch} des Drachen
62%
161 Die {blutenden} Bilder
62%
119 Der {geheime} Schlüssel
61%
199 und der grüne {Kobold}
61%
173 Dämon der {Rache}
60%
198 Die Legende der {Gaukler}
60%
193 Schrecken aus der {Tiefe}
60%
127 Schwarze {Madonna}
60%
171 und das Phantom aus dem {Meer}
60%
107 und der Schatz der {Mönche}
60%
148 und die feurige {Flut}
60%
180 und die flüsternden {Puppen}
60%
182 Im Haus des {Henkers}
59%
174 und das {Tuch} der Toten
59%
190 und die {Kammer} der Rätsel
59%
153 und das Fußball-{Phantom}
58%
168 {GPS}-Gangster
57%
195 Im {Reich} der Ungeheuer
57%
118 Das düstere {Vermächtnis}
56%
114 Die {Villa} der Toten
56%
165 Im Schatten des {Giganten}
56%
169 Die Spur des {Spielers}
55%
200 {Feuriges} Auge
55%
109 Gefährliches {Quiz}
55%
122 und der Geister{zug}
55%
141 und die Fußball-{Falle}
55%
178 Der {gefiederte} Schrecken
54%
170 {Straße} des Grauens
54%
184 und der Hexen{garten}
54%
123 Fußball{fieber}
53%
159 Nacht der {Tiger}
53%
137 {Pfad} der Angst
53%
151 Schwarze {Sonne}
53%
144 {Zwillinge} der Finsternis
53%
111 Die {Höhle} des Grauens
52%
150 Geister{bucht}
52%
176 und der gestohlene {Sieg}
52%
183 und der letzte {Song}
52%
191 {Verbrechen} im Nichts
52%
179 Die Rache des {Untoten}
51%
163 und der verschollene {Pilot}
51%
189 und der unsichtbare {Passagier}
50%
139 Das Geheimnis der {Diva}
48%
138 Die geheime {Treppe}
47%
156 Im {Netz} des Drachen
45%
135 Fluch des {Piraten}
44%
145 und die Rache der {Samurai}
42%
124 Geister-{Canyon}
41%
157 Im Zeichen der {Schlangen}
41%
152 {Skateboard}fieber
40%
133 {Fels} der Dämonen
33%
Keine übereinstimmenden Quizze gefunden
Verteilung der Resultate
Anzahl Personen mit jedem Resultat
Perzentil nach korrekt beantworteten Fragen
Ihre Resultats-Entwicklung
Sie haben dieses Quiz noch nicht gespielt